00827nam a22002057a 4500003000900000008004100009020001800050040007100068082001600139100002000155245002500175260003200200300002900232440002800261505024900289650001300538650002300551650002700574700002000601AR-CdUCM190304b ||||| |||| 00| 0 spa d a84-335-2403-8 aMUNICIPALIDAD PROVINCIAL DEL CUSCOcBIBLIOTECA MUNICIPAL DEL CUSCO a330 /bAT87 aAttali, Jacques aEl antieconómico / aBarcelona :bLabor, c1976. a322 páginas ; c20 cm. aColección labor.n203 aContenido : Crítica de la economia burguesa -- ¿Por qué la antieconomia? -- ¿Comó funciona la ciencia económica? -- La microeconomia; otro mundo -- ¿Para qué sirve la macroeconomia? -- Teoria crítica del crecimiento economico ... aEconomia aTeorias economicas aMacro y micro economia aGuillaume, Marc